Statistiche per Riconosci il Pokémon - Quiz n°13

Clicka qui per fare il quiz!

Statistiche generali

  • Questo quiz è stato fatto 5 volte
  • Il punteggio medio è 5 su 10

Statistiche sulle risposte

IndizioRisposta% Corretto
GenerazioneQuarta
100%
TipoNormale
75%
Altezza0,6 m
50%
Sesso87.5% ♂, 12.5% ♀
50%
Stadio evoluzioneForma Baby
50%
AbilitàRaccolta; Grassospesso; Voracità
50%
Peso105,0 kg
25%
Tasso di cattura50 (12.9%)
25%
Tasso di allevamentoLento
25%
PokémonMunchlax
25%

Distribuzione punteggi

Percentile per numero di risposta

Percentuale di utenti per punteggio

I tuoi punteggi nel tempo

Non hai fatto questo quiz